| 000 | 00519nam a2200169Ia 4500 | ||
|---|---|---|---|
| 001 | 32694 | ||
| 003 | IN-NITTTR | ||
| 005 | 20251114233435.0 | ||
| 008 | 251113s9999||||xx |||||||||||||| ||eng|| | ||
| 040 | _beng | ||
| 040 | _cIN-NITTTR | ||
| 041 | _aeng | ||
| 082 | _aTA681 | ||
| 100 | _aOhtsu, Masayasu | ||
| 245 | 0 |
_aInnovative AE and NDT Techniques for On-Site Measurement of Concrete and Masonry Structures : _b State-of-the-Art Report of the RILEM Technical Committee 239-MCM / _cOhtsu, Masayasu |
|
| 942 |
_2ddc _cBK |
||
| 999 |
_c35503 _d35503 |
||